| 000 | 01121nam0a22002531 4500 | ||
|---|---|---|---|
| 001 | rc\3643166 | ||
| 005 | 20130115145545.7 | ||
| 021 |
_aRU _b[75-32059] |
||
| 035 | _a(NLR Aleph) 007830475 | ||
| 090 |
_a7773209 _c7773209 |
||
| 100 | _a20130115g19741975|||y0rusy50 ca | ||
| 101 | 0 | _arus | |
| 102 | _aRU | ||
| 105 | _ay z ||||| | ||
| 200 | 1 |
_aМиопия _eСборник науч. работ _fПод ред. проф. Э.С. Аветисова _gПроблемная комис. по офтальмологии. Учен. мед. совета М-ва здравоохранения РСФСР. Всерос. науч. о-во офтальмологов. Моск. науч.-исслед. ин-т глазных болезней им. Гельмгольца |
|
| 210 |
_aМосква _cБ. и. _d1974 [вып. дан. 1975] |
||
| 215 |
_a143 с. _cграф. _d21 |
||
| 606 |
_aБлизорукость _jСборники _2psbo |
||
| 702 | 1 |
_aАветисов _bЭ. С. _gЭдуард Сергеевич _4340 |
|
| 801 | 0 |
_aRU _bNLR _gpsbo |
|
| 801 | 1 |
_aRU _bELAR _2rusmarc |
|
| 852 |
_aNLR _j75-5/1218 |
||
| 942 | _cBOOK | ||
| 980 | _aNB | ||